[Event "Bundesliga 0001"]
[Site "Germany"]
[Date "2001.03.10"]
[Round "10.6"]
[White "Hodgson, Julian M"]
[Black "Jackelen, Thomas"]
[Result "1-0"]
[WhiteElo "2640"]
[BlackElo "2373"]
[Annotator "Tsesarsky,I"]
[PlyCount "49"]
[EventDate "2000.10.14"]
[EventType "team-tourn"]
[EventRounds "15"]
[EventCountry "GER"]
[SourceTitle "CBM 082"]
[Source "ChessBase"]
[SourceDate "2001.05.17"]
[SourceVersion "1"]
[SourceVersionDate "2001.05.17"]
[SourceQuality "1"]
[WhiteTeam "Luebeck"]
[BlackTeam "Godesberg"]
[WhiteTeamCountry "GER"]
[BlackTeamCountry "GER"]

1. d4 e6 2. Nf3 c5 3. e3 Nf6 4. b3 b6 5. Bb2 Bb7 6. Nbd2 Be7 7. Bd3 cxd4 8.
exd4 O-O 9. O-O Nc6 {Except of this move Black also can play} (9... d5 $132) ({
and more flexible} 9... d6 {[%cal Gb8d7] -mainline}) 10. a3 (10. Re1 Rc8 (10...
Nb4 11. Bf1 Rc8 12. c4 d5 $132) 11. a3 d5 12. Rc1 Bd6 13. Ne5 Qe7 14. b4 Nd7
15. Ndf3 f5 16. Qe2 Ncxe5 17. dxe5 Bb8 18. Bd4 $132 {1/2-1/2 Rubinstein,
A-Kmoch,H/Budapest 1926/EXT 99 (58)}) 10... Qc7 (10... Rc8 11. Re1 (11. c4 d5
12. Rc1 (12. Qe2 Na5 $2 13. c5 $1 Ne4 (13... bxc5 14. dxc5 Nh5 15. g3 Nc6 16.
b4 $16) 14. b4 $16 {1-0 Gonzalez Garcia,J-Marciano,D/Ubeda 1997/CBM 56 ext (29)
}) 12... dxc4 13. bxc4 Re8 14. Qe2 Bf8 15. Rfd1 $14 {0-1 Kette,S-Wintzer,J/
Germany 1990/EXT 97-B (33)}) 11... d5 (11... Qc7 12. c4 (12. Qe2 Qf4 13. Rac1
d5 14. Rcd1 Rfe8 15. c3 Bd6 16. Ne5 $11 {1-0 Winants,L-Riemersma,L/Wijk aan
Zee 1987/TD (41)}) 12... d5 13. Rc1 dxc4 14. bxc4 Rfd8 15. Qe2 Qf4 $132 {
1-0 Saacke,B-Vetter,H/Germany 1982/GER-chT (29)}) (11... Re8 12. Rc1 (12. Ne5
d6 13. Ng4 d5 14. Re3 Nxg4 15. Qxg4 Bf6 16. Rae1 g6 17. Nf3 Rc7 $132 {0-1
Bellin,J-Kosten,A/Blackpool 1988/TD (37)}) (12. Qe2 Nd5 13. g3 Nf6 14. Rac1 Bf8
15. Qf1 Ne7 16. Qh3 Ng6 17. Ne5 $132 {0-1 Meulders,R-Langeweg,K/Amsterdam 1986/
EXT 97 (44)}) 12... Nb8 (12... d5 $132) 13. Ng5 g6 14. c4 Nh5 15. Ngf3 d6 16.
Bf1 Nd7 17. g3 Bf8 18. Bg2 Rc7 19. Qe2 Bg7 20. Ne4 Nf8 21. Nc3 $14 {1-0
Kovacevic,V-Hulak,K/Sarajevo 1988/CBM 08 (31)}) 12. Rc1 Bd6 13. Ne5 Ne7 (13...
Qe7 14. Ra1 Rfd8 15. Qe2 Qf8 16. f4 $36 {1-0 Vasiljevic,D-Damjanovic,V/Tivat
1995/CBM 48 ext (26)}) 14. f4 Ne8 15. Qh5 g6 16. Qe2 Ng7 17. Ba6 $6 (17. g3
$132) 17... Qc7 (17... Bxa6 18. Qxa6 f6 19. Nd3 Qc7 20. g3 $132) 18. Bxb7 Qxb7
19. Qf2 $132 {1-0 Tarasov,V-Kots,Y/Sverdlovsk 1957/MCD (52)}) (10... d5 11. Ne5
Nxe5 12. dxe5 Nd7 13. b4 a5 $132 {0-1 Puskas,Z-Kapu,J/HUN-chT2 9394 1994/TD 
(38)}) (10... d6 11. Qe2 Nd5 12. Qe4 g6 13. c4 Nf6 14. Qe3 Re8 15. Rac1 Bf8 16.
Rfd1 Bg7 17. Bf1 $14 {1-0 Radziewicz,I-Iwaniuk,D/Sopot 1998/EXT 2000 (49)}) 11.
Re1 (11. Qe2 Rae8 (11... Rfe8 $132) 12. Ng5 h6 13. f4 $1 Nd5 ({I think,
Rozentalis thought a lot here and has found:} 13... hxg5 14. fxg5 Nh7 15. Bxh7+
Kxh7 16. Qh5+ Kg8 17. Rxf7 $3 Ne5 (17... Rxf7 18. g6 $18) 18. Rxg7+ (18. dxe5
Rxf7 19. g6 Bc5+ 20. Kh1 Rf4 $17) (18. Rxf8+ Rxf8 19. g6 Nxg6 20. Qxg6 Qf4 $17)
18... Kxg7 19. Qh6+ Kg8 20. g6 Nxg6 21. Qxg6+ Kh8 $11 {with draw by perpetuum
check!}) 14. Nh3 f5 15. c4 Nf6 16. Nf3 $14 {0-1 Gawehns,K-Rozentalis,E/Bonn
1994/CBM 40 (31)}) 11... Rfe8 (11... Rac8 12. c4 d5 13. Rc1 Rfd8 14. Qe2 dxc4
15. bxc4 Qf4 16. g3 Qh6 17. Rc2 Qh5 18. Qf1 Rc7 19. Be2 Qf5 20. Bd3 {Black
can't avoid moves repetition.} Qh5 21. Be2 {1/2-1/2 Platonov,I-Karpov,A/
Leningrad 1971/URS-ch (21)}) 12. Rc1 Rad8 13. c4 Qb8 $2 $16 {Strategical
mistake. Now White occupies center and gets an advantage.} ({Necessary was} 
13... d5 {and if White will play} 14. b4 {Black will reply} dxc4 $132 {[%csl
Rd5]}) 14. b4 $1 a6 ({Is too late to play here} 14... d5 {because of} 15. c5
$16) 15. d5 $1 {[%cal Gb2g7,Gd3h7] Nice sacrifice! White activity became very
dangerous.} exd5 16. cxd5 Nxd5 17. Qb3 Nf6 ({On} 17... Nf4 {[%tqu "En","?","",
"","d3h7","",10] goes} 18. Bxh7+ Kf8 (18... Kxh7 19. Qxf7 {[%csl Rg7]} Rg8 20.
Be5 $1 $16) 19. Ne4 d5 20. Ng3 $16 {[%cal Gg3f5]}) 18. Ne4 (18. Ng5 {[%csl Rf7]
[%cal Gb3f7]} d5 19. Bxf6 Bxf6 20. Bxh7+ Kf8 $15) 18... Qf4 $6 ({In case of} 
18... Nxe4 $5 19. Rxe4 {[%cal Ge4g4] R is ready to take active part in
shattering Attack:} (19. Bxe4 Qf4) 19... d5 20. Rg4 g6 (20... f6 $2 21. Qc2 $1
$18 ({Wins also} 21. Rxc6 Bxc6 22. Qc2 h5 (22... Bd7 23. Bxh7+ Kh8 (23... Kf8
24. Rxg7 $1 $18) 24. Rh4 $18) 23. Bh7+ Kh8 24. Rxg7 $3 Qf4 (24... Kxg7 25. Qg6+
Kh8 26. Bg8 $18) 25. Ng5 $1 Bd6 26. Rg8+ $1 Rxg8 27. Nf7+ Kg7 28. Qg6+ Kf8 29.
Qxg8+ Ke7 30. Qxd8+ Kxf7 31. g3 $18)) (20... Bf8 21. Bxh7+ $18) 21. Rxc6 Bxc6
22. Qc3 $16 {[%cal Gc3c6,Gc3g7]}) 19. Rc4 $1 {[%cal Gc4f4] Another R joins to
Attack.} Qh6 ({Or} 19... Nxe4 20. Rcxe4 Qh6 21. Bc1 (21. Bc4 Qg6 22. Nh4 Qh5
23. Qg3 $18) 21... Qd6 (21... Qh5 22. g4 $18 {[%csl Rh5]}) 22. Bf4 Qf6 23. Bg5
Qd6 24. Bc4 $18) 20. Neg5 {[%csl Rf7,Rh7][%cal Gb3f7,Gc4h4]} ({Wins also} 20.
Ng3 {[%cal Gg3f5]} g6 (20... Bd6 21. Rxe8+ Nxe8 22. Bc1 Qe6 23. Bxh7+ $16) 21.
Rh4 Qg7 (21... Nh5 22. Rxh5 gxh5 23. Nf5 Qf8 (23... Qf4 24. Bc1 Qb8 25. Nh6+
$18) 24. Bg7 Qxg7 25. Nxg7 Kxg7 26. Qd5 $18) 22. Rf4 {[%csl Rf6][%cal Gb2g7]}
d5 23. Rxe7 Nxe7 24. Rxf6 $18) 20... d5 $8 21. Rh4 Nh5 22. g4 $1 {Precisely.}
g6 23. gxh5 Bxg5 24. Rxe8+ Rxe8 25. hxg6 $1 (25. hxg6 Bxh4 26. gxh7+ $18 {
[%csl Rh6]}) 1-0

[Event "Leon-B"]
[Site "Leon"]
[Date "1996.??.??"]
[Round "9"]
[White "Vera Gonzalez Quevedo, Reynaldo"]
[Black "Romero Holmes, Alfonso"]
[Result "1-0"]
[WhiteElo "2495"]
[BlackElo "2425"]
[Annotator "Tsesarsky,I"]
[PlyCount "35"]
[EventDate "1996.06.??"]
[EventType "tourn"]
[EventRounds "9"]
[EventCountry "ESP"]
[EventCategory "9"]
[SourceTitle "CBM 054"]
[Source "ChessBase"]
[SourceDate "1996.10.01"]
[SourceVersion "1"]
[SourceVersionDate "1996.10.01"]
[SourceQuality "1"]

1. d4 {Baburin} e6 2. Nf3 c5 3. c3 Nf6 4. e3 b6 5. Nbd2 Bb7 (5... Be7 6. Bd3
Ba6 7. Bxa6 Nxa6 8. O-O O-O 9. Qe2 Qc8 10. e4 cxd4 11. e5 d3 12. Qxd3 Nc5 13.
Qe2 Nd5 $10 {Dorfman,J-Dunnington,A/Cannes op/1993/1:0/41/}) 6. Bd3 cxd4 $6 (
6... Nc6 7. Qe2 (7. O-O d5 (7... Be7) 8. Ne5 Nxe5 9. dxe5 Nd7 10. f4 g6 11. c4
Bg7 12. b3 O-O 13. Bb2 f5 $13) 7... Be7 8. Ba6 Bxa6 9. Qxa6 Qc7 10. O-O O-O 11.
Qd3 d5 12. b3 Rac8 $15 {Troeger,P-Lobron,E/BL 1985/0:1/42/}) (6... Be7 7. O-O (
7. e4 cxd4 8. cxd4 Ba6 9. Bxa6 Nxa6 10. a3 Qc7 11. Qe2 Qb7 12. e5 Nd5 13. Ne4
f5 14. exf6 Nxf6 15. Nxf6+ Bxf6 $10) 7... cxd4 8. exd4 O-O 9. Ng5 d6 10. Qe2
Nbd7 11. Bc2 Re8 12. Qd3 g6 13. Qh3 $36 {Kovacevic,V-Drasko,Z/JUG-ch/1989/1:0/
60/}) 7. cxd4 Nd5 $6 (7... Be7 8. O-O d6 9. e4 Nbd7 $14) 8. O-O f5 $6 9. e4 $1
fxe4 (9... Nb4 10. Bb1 fxe4 11. Nxe4 $32) 10. Nxe4 g6 $2 {Baburin: Black has
been ignoring the principles of development and the punishment is swift!} (
10... Be7 11. Neg5 Nf6 12. Qc2 Bxf3 $6 (12... Qc8 13. Bxh7 Qxc2 14. Bxc2 $18)
13. Bg6+ Kf8 14. Nf7 Be4 15. Bxe4 Kxf7 16. Bxa8 $18) (10... Nf6 $5 $8 11. Bg5
Be7 12. Qc2 $16) 11. Bg5 Qc7 $8 (11... Be7 12. Nd6+ Kf8 13. Nxb7 $18) 12. Rc1
Nc6 (12... Bc6) 13. Nf6+ Nxf6 (13... Kf7 14. Ne5+ $18) 14. Bxf6 Rg8 15. d5 {
Baburin: White's attack proceeds naturally and smoothly.} exd5 16. Re1+ Kf7 17.
Be5 Qd8 18. Ng5+ $1 (18. Ng5+ Qxg5 19. Qf3+ Ke6 20. Bf4+ Qe5 21. Rxc6+ dxc6 22.
Rxe5+ $18) 1-0

[Event "Quebec op"]
[Site "Montreal"]
[Date "2000.07.26"]
[Round "4"]
[White "Tyomkin, Dimitri"]
[Black "Duong, Thanh Nha"]
[Result "1-0"]
[WhiteElo "2522"]
[BlackElo "2380"]
[Annotator "Tyomkin,D"]
[PlyCount "75"]
[EventDate "2000.07.22"]
[EventType "swiss"]
[EventRounds "9"]
[EventCountry "CAN"]
[SourceTitle "CBM 078"]
[Source "ChessBase"]
[SourceDate "2000.10.18"]
[SourceVersion "1"]
[SourceVersionDate "2000.10.18"]
[SourceQuality "1"]

1. d4 Nf6 {Already surprise! Normally Duong is 1...d5 player.} 2. Nf3 b6 3. Bg5
{I see this developing move reasonable now, because after 3...e6 white has a
large choice of moves, even 4.e4.} Bb7 4. Bxf6 $1 {The principle capture- now
black has to decide about his pawn structure, but anyway it will stay broken
for a long period.} exf6 (4... gxf6 5. g3 e6 (5... Bxf3 6. exf3 {[%cal Gf1g2,
Yf3f4] /\ Bg2 and f3-f4.}) 6. Bg2 Bg7 7. c4 f5 8. Nc3 O-O 9. O-O $14 {1/2-1/2
Dzindzichashvili,R-Ashley,M/New York 1996/CBM 52 (44)}) 5. e3 $5 $146 {New
idea in this position, which I've found during the game (of course, my
theoretical knowledge was finished much earlier!). The idea is to develop
pieces by the center, like Be2,0-0, c4, Nc3. Black can not develop the play on
the kingside, like after gxf6, so that's why I didn't develop the bishop to g2.
} (5. Nbd2 g6 6. e4 Bh6 7. Bd3 O-O 8. O-O Re8 9. Re1 d6 10. a4 a5 11. c3 Nd7
12. Qc2 $14 {1/2-1/2 Timman,J-Rozentalis,E/Malmo 1997/CBM 60 (44) White has
more space for his pieces.}) (5. g3 Bxf3 $1 6. exf3 Be7 $11) 5... d5 {It leads
to the stable advantage of white for a long period.} (5... g6 $5 {was the
logical way of development for black, but I believe that white still will be
better there.}) 6. Be2 Bd6 7. O-O O-O 8. c4 {[%cal Gb1c3]} dxc4 9. Bxc4 Nd7 10.
Nc3 $14 a6 (10... Re8 11. Rc1 f5 12. Nb5 $1) 11. Rc1 {[%cal Gc4d5] Just
placing the rook on the open file, and intending Bd5.} c5 $6 {This move looks
logical, but it is actually the serious positional blunder. After this move
white gets full control over the center and can get an outpost on d5. White
reaches advantage by simple and logical moves.} (11... f5 12. Bd5 $1 $14 {
provoking c7-c6.}) 12. dxc5 (12. Bd5 Bxd5 13. Nxd5 $16) 12... Nxc5 13. Bd5 $1
Bxd5 {A little trap was prepared for white now.} 14. Nxd5 ({The point is:} 14.
Qxd5 $6 Na4 15. Rfd1 Nxc3 16. Rxc3 Bc7 $14 {Of course white is much better
even here.}) 14... Ra7 {[%cal Ga7d7] Intending Rd7.} 15. b4 {Unfortunately for
black, he can not move the knight to the central spot e4, and it has to be
moved to some passive place.} Ne6 (15... Ne4 $2 16. Qd4 {[%csl Rb6,Re4] with
double attack on e4 and b6.}) 16. Qb3 Rd7 17. Rfd1 $16 a5 {Black tries to get
rid of one of his queenside pawns.} 18. a3 $1 {[%csl Yc5] White should keep
control over c5-square.} (18. bxa5 $6 bxa5 19. Nb6 Rc7 20. Nc4 Rc6 {and black
holds the defense.}) 18... b5 19. Rd3 {White moves are easy to find, but not
easy to prevent white of increasing the pressure move by move!} axb4 20. axb4
Qb8 21. Rcd1 {Here I really enjoyed my position- all pieces are totaly
centralized. My following plan was to play g2-g3, and then to move the knight
f3 to h4, the pawn e3 can be moved to e4, strenthening d5-outpost.} Kh8 {
Moving the king out of danger and checks of white knight.} (21... Ng5 22. Nxg5
$16 {with an idea:} Bxh2+ 23. Kh1 fxg5 24. Nf6+ $18) 22. g3 Rfd8 23. Nc3 {
[%csl Rb5,Yd6][%cal Rd3d7] Keeping the pin on d-file, white intends to attack
b5-pawn. Another idea is to change knights by Nd4 move.} Qb7 24. Qd5 $1 Qxd5
25. Rxd5 Nc7 26. R5d3 Kg8 {[%tqu "En","White has a forced win now.","","",
"c3e4","Good move, but white has something better.",5,"e3e4","and e4-e5 was
probably winning at once. Black can not get rid of the pin.",10]} 27. Ne4 (27.
e4 $1 {[%cal Re4e5] and e4-e5 was probably winning at once. Black can not get
rid of the pin.}) 27... Ne8 28. Rd5 f5 29. Nc5 $1 (29. Rxf5 Bxb4 30. Rxd7 Rxd7
31. Rxb5 Be7 {Black can survive for a while in this ending.}) 29... Rc7 (29...
Ra7 30. Nd4 {[%cal Yd4b5,Yd4f5,Yd4c6]} Nc7 31. Nc6 Nxd5 32. Rxd5 $1 {winning
the bishop d6.}) 30. Nd4 {White goes on with improving pieces- pawns will be
captured anyway.} Nf6 31. Rxf5 Bxc5 (31... Be7 32. Ra1 $1 {[%csl Rb5] winning
b5-pawn as well.}) 32. Rxc5 Rxc5 33. bxc5 Ne4 34. c6 {Black is not able to
stop c-pawn now.} Nc3 35. Rd3 b4 36. c7 Re8 37. Nc6 Nb5 38. c8=Q {[%cal Yc6e7]}
1-0

[Event "Bonn GSK"]
[Site "Bonn"]
[Date "1995.??.??"]
[Round "3"]
[White "Wintzer, Joachim"]
[Black "Kengis, Edvins"]
[Result "0-1"]
[WhiteElo "2335"]
[BlackElo "2575"]
[Annotator "Von Gleich,A"]
[PlyCount "90"]
[EventDate "1995.??.??"]
[EventType "tourn"]
[EventRounds "11"]
[EventCountry "GER"]
[EventCategory "8"]
[SourceTitle "CBM 045"]
[Source "ChessBase"]
[SourceDate "1995.04.01"]
[SourceVersion "1"]
[SourceVersionDate "1995.04.01"]
[SourceQuality "1"]

1. d4 Nf6 2. Nf3 e6 3. Bg5 c5 4. e3 Be7 5. Nbd2 cxd4 6. exd4 b6 7. Bd3 Bb7 8.
O-O O-O 9. c3 d6 10. Re1 Nbd7 11. a4 a6 12. Qc2 h6 13. Bxf6 Nxf6 14. Ne4 Nd5
15. g3 Re8 16. Qb3 Rb8 17. Bf1 Qd7 18. Bh3 f5 19. c4 Nc7 (19... Nf4 $1 20. gxf4
Bxe4 21. Rxe4 fxe4 22. d5 Qd8) 20. Ned2 Bf6 21. Qd3 g6 22. Bg2 Qg7 23. Qa3 Red8
24. Rad1 e5 25. Nb3 e4 26. Nfd2 a5 27. Nf1 {[#]} Ne6 28. Rd2 Nxd4 29. Red1 Nc6
30. Ne3 Nb4 31. Nd4 Qe7 32. Ndxf5 gxf5 33. Nxf5 Qf8 34. Nxd6 Bg5 35. c5 Bxd2
36. Rxd2 Qf6 37. Qb3+ Kf8 38. Bxe4 bxc5 39. Qc4 Rxd6 40. Qxc5 Rbd8 (40... Bd5
$1 41. Rxd5 Nxd5 42. Bxd5 Rxb2 $19) 41. Bxb7 Qg5 42. Rxd6 Qxc5 43. Rxd8+ Ke7
44. Rd1 Qc2 45. Re1+ Kf6 0-1

[Event "FRA-chT2 GP Nord"]
[Site "France"]
[Date "2003.03.15"]
[Round "8.1"]
[White "Winants, Luc"]
[Black "Roeder, Mathias"]
[Result "1/2-1/2"]
[WhiteElo "2490"]
[BlackElo "2476"]
[Annotator "Winants,L"]
[PlyCount "142"]
[EventDate "2002.10.13"]
[EventType "team"]
[EventRounds "11"]
[EventCountry "FRA"]
[SourceTitle "EXT 2005"]
[Source "ChessBase"]
[SourceDate "2004.11.15"]
[SourceVersion "1"]
[SourceVersionDate "2004.11.15"]
[SourceQuality "1"]

1. d4 Nf6 2. Nf3 e6 3. e3 b6 4. Bd3 Bb7 5. O-O Be7 6. Nbd2 c5 7. b3 O-O 8. Bb2
Nc6 9. a3 Re8 10. Ng5 $146 {Une idée bien connue dans ce début pion-Dame. Les
Blancs s'appuient sur la direction des Fous pour lancer une offensive du côté
Roi.} cxd4 11. exd4 g6 {Pour barricader la diagonale du Bd3.} ({Sur} 11... h6 {
alors selon une conception que nous retrouvons dans les parties d'Edgard Colle
:} 12. f4 $1) 12. f4 Bf8 13. Ndf3 d6 {Il évite de toucher aux pions du Roque.}
(13... h6 14. Nxf7 Kxf7 15. Ne5+ $40) 14. Qd2 Bg7 15. Rae1 Qd7 16. Qf2 Ne7 17.
c4 (17. Nxf7 $2 Bxf3) ({ou} 17. Ne5 dxe5 18. fxe5 Nf5 19. exf6 Bxf6 20. Ne4 Bg7
{ne donnait rien de concret.}) 17... Nf5 (17... h6 18. Ne5 $1 dxe5 19. fxe5 Nf5
20. exf6 Bxf6 21. Ne4 Bg7 22. Rd1 (22. g4 Nxd4 23. Nf6+ Bxf6 24. Qxf6 e5) (22.
d5 exd5 23. Nf6+ Bxf6 24. Bxf6 dxc4 25. Bxc4 $44) 22... Nxd4 23. Nd6 (23. Nf6+
Bxf6 24. Qxf6 e5) 23... Nf3+ (23... Qxd6 24. Qxf7+ Kh8 25. Qxg6 $18) (23...
Red8 24. Bxd4 Bxd4 25. Qxd4 Qxd6 26. Qxd6 Rxd6 27. Bxg6 Rxd1 28. Bxf7+ Kg7 29.
Rxd1 $16) 24. gxf3 Qxd6 25. Bxg6 $36) 18. h3 h6 19. g4 hxg5 (19... Ne7 20. Ne5
$1) 20. fxg5 Nh7 21. gxf5 exf5 22. d5 {Les Blancs ont finalement obtenu
quelque chose. Une majorité а l'aile Dame, un avantage d'espace et le Bb7 qui
ne participe plus au jeu} Bxb2 23. Qxb2 Rxe1 24. Rxe1 Re8 25. Rxe8+ Qxe8 26.
Kf2 Bc8 27. h4 Bd7 28. Qd4 Qd8 29. Qf4 Qe7 30. b4 f6 {Il valait mieux garder
ce pion sur sa case initiale. La diagonale a2-g8 s'ouvre au bénéfice du Bd3.}
31. c5 $1 {Le coup de bélier effectué au moment opportun. La partie des Blancs
est gagnée.} dxc5 32. d6 Qf7 33. bxc5 bxc5 34. Qc1 fxg5 (34... Qa2+ 35. Nd2 $1
{avec la menace Bc4.}) 35. hxg5 $2 {Joué trop rapidement, même si le coup ne
gâche rien.} (35. Bc4 $1 Be6 36. Ne5 Qf6 37. Bxe6+ Qxe6 38. d7 Qe7 39. Qc4+ Kg7
40. d8=Q $1 Qxd8 41. Qf7+ Kh8 42. Nxg6#) 35... Kf8 36. Qxc5 Qa2+ 37. Kg3 Nxg5
$1 {Un très bon essai !} 38. Nxg5 Qd2 39. Ne6+ $1 Kg8 (39... Bxe6 40. d7+ Kf7
41. d8=Q) 40. Nf4 g5 41. Qd5+ Kf8 42. Ne2 ({si} 42. Qa8+ Kg7 43. Nh5+ Kh7 {
et les pièces sont trop dispersées.}) 42... f4+ 43. Kh2 Qe3 44. Qd4 $2 {
J'avais vu la finale qui suivait, mais je ne pouvais croire а la nullité...} (
44. Qxg5 $2 Qh3+ 45. Kg1 Qe3+) (44. Bc4 $1 Qf2+ 45. Kh1 Qh4+ 46. Kg1 Qe1+ (
46... Qg4+ 47. Kf1 Qh3+ 48. Ke1 Qh7 49. Nd4) 47. Kg2 $18 {et le Roi échappe
aux échecs.}) 44... Qxd4 45. Nxd4 Kf7 $1 46. Bf5 Bxf5 47. Nxf5 Ke6 48. Kh3 f3
$8 (48... Kd7 49. Kg4 Ke6 50. Kf3 Kd7 51. Ke4 Ke6 $8 52. a4 a5 $8 53. Kd4 g4 (
53... f3 54. Kc5 Kd7 55. Kd5 f2 56. Ng3 g4 57. Nf1 Kd8 58. Ke6 Ke8 59. d7+ Kd8
60. Ng3 $18) 54. Kc5 g3 55. Nd4+ Kd7 56. Kd5 g2 57. Nf3 $18) 49. Kg3 g4 50. Kf2
Kd7 51. Ke3 Ke6 52. Kf2 Kd7 53. Kg3 Ke6 54. Kxg4 f2 55. Ne3 Kxd6 56. Kf3 Kc5
57. Kxf2 Kd4 58. Ke2 Kc3 59. Kd1 Kb2 60. Nc2 {Une pièce de plus ne suffit pas !
} Kc3 61. Kc1 Kb3 62. Kb1 a5 (62... Kc3 63. Na1 $18) 63. Kc1 Ka2 $8 (63... Kc3
64. Na1 $18) (63... a4 64. Kb1 Kc3 65. Na1 $18) 64. Kd2 Kb2 65. Kd3 Kb3 (65...
a4 66. Kd2 Kb3 67. Kc1 Ka2 $11) 66. Kd4 Kxc2 67. Kc4 Kd2 (67... a4 68. Kb4 Kd3
69. Kxa4 Kc4 $11) 68. Kb5 (68. a4 Ke3 69. Kb5 Kd4 70. Kxa5 Kc5 $11) 68... Kc3
69. Kxa5 Kc4 $8 70. Kb6 (70. a4 Kc5 $11) 70... Kb3 71. Kb5 Kxa3 1/2-1/2

[Event "USA-ch Seniors 50"]
[Site "Saint Louis"]
[Date "2019.07.14"]
[Round "4"]
[White "Goldin, Alexander"]
[Black "Yermolinsky, Alex"]
[Result "1-0"]
[WhiteElo "2540"]
[BlackElo "2504"]
[Annotator "Yermolinsky,Alex "]
[PlyCount "95"]
[EventDate "2019.07.11"]
[EventType "tourn"]
[EventRounds "9"]
[EventCountry "USA"]
[EventCategory "11"]
[SourceTitle "CBM 191 Extra"]
[Source "ChessBase"]
[SourceDate "2019.09.30"]
[SourceVersion "1"]
[SourceVersionDate "2019.09.30"]
[SourceQuality "1"]

{[%evp 0,95,19,25,19,27,27,5,42,34,22,10,27,6,10,10,6,-1,-7,-15,1,-25,-3,-4,4,
12,4,-1,12,29,32,30,39,6,36,30,32,30,0,49,79,83,82,82,62,54,86,80,74,81,81,81,
81,73,94,96,95,105,109,59,57,57,84,90,91,77,78,91,90,90,149,122,276,216,214,
209,220,234,206,253,253,260,281,291,297,294,302,314,308,303,752,793,793,793,
1021,1425,1477,1002]} 1. d4 Nf6 2. Nf3 e6 3. e3 {Goldin's opening choices have
undergone a complete make-over. Alexander no longer goes for main theoretical
lines, instead preferring a more practical approach.} b6 4. Bd3 Bb7 5. O-O Be7
6. b3 O-O 7. Bb2 c5 8. Nbd2 Nc6 9. a3 Rc8 10. Qe2 d5 11. dxc5 bxc5 12. c4 {[#]}
Re8 $146 {The position may be equal, but I found it uncomfortable to play.} ({
Probably the right move was} 12... Qb6 $1 {getting ready to meet White's
action in the center} 13. cxd5 (13. e4 d4 14. e5 Nd7 15. Qe4 g6 16. Qf4 Qc7 17.
Rfe1 Ndxe5 18. Nxe5 Bd6 19. Ndf3 Nxe5 20. Nxe5 f6 {turns out excellent for
Black.}) 13... exd5 14. e4 dxe4 15. Nxe4 {with the timely} Nd4) 13. Rfe1 Bf8 $6
{Now the Black queen is tethered to f6.} 14. Rad1 g6 15. cxd5 exd5 16. Ba6 $1 {
[#] It's essentual to trade some pieces when playing against the hanging pawns.
} Rb8 $6 (16... Bxa6 $142 17. Qxa6 Bg7 18. Nc4 Ne4) 17. Bxb7 Rxb7 18. Qd3 $36
Bg7 $6 (18... Re6 19. Bxf6 Rxf6 20. e4 d4 21. Nc4 Re6 {is tenable for Black.})
19. Rc1 {[#]} Ne4 {Of course, I saw Black was losing a pawn, but otherwise I
could see no way to hold my position.} ({The inventive} 19... Rc7 $1 {never
caught my attention. White would have to put material gains on hold, as} 20.
Rxc5 $2 {meets with} Ne5 $1) 20. Bxg7 Kxg7 21. Nxe4 dxe4 22. Qc3+ {[#]} Qf6 $2
{I must admit I totally lost the handle.} (22... Kg8 $14 23. Red1 Qe7 24. Qxc5
(24. Nd2 Rd8) 24... Qxc5 25. Rxc5 exf3 26. Rxc6 Rxb3 27. Ra6 fxg2 $11) 23.
Qxf6+ $16 Kxf6 24. Rxc5 exf3 25. Rxc6+ Re6 26. Rxe6+ fxe6 ({Goldin thought} 
26... Kxe6 {was better.} 27. b4 fxg2 28. Rc1 a5 29. bxa5 Kd5 30. Rd1+ Kc6 31.
Kxg2 Ra7 32. Rd4 Rxa5 33. a4 $14) 27. b4 fxg2 28. Rc1 a5 29. Rc4 axb4 30. axb4
Ra7 31. Kxg2 Ra2 32. Rc8 $1 {[#] The trademark plan of putting the rook ahead
of the pawn to drive it all the way to the 7th rank is working here because of
the split off e6-pawn. Having executed similar ideas in my own games I should
have seen it coming.} Rb2 33. Rb8 e5 34. b5 Kg5 {The black king must find
shelter from checks in the shadow of his pawns.} 35. Kg3 e4 $2 {The final time
trouble induced error.} ({Truth be told, even the better defense} 35... Rb1 36.
b6 Rb2 {[#] wouldn't be enough to save Black.} 37. h4+ Kh5 38. Rb7 $1 ({
It's too early for} 38. b7 Rb1 39. Re8 (39. Kf3 Rb4 {and the white king cannot
go around to the e5-pawn because of the counterplay on the h-file.}) 39... Rxb7
40. Rxe5+ Kh6 41. e4 $16) 38... Kh6 (38... h6 39. Re7 Rxb6 40. Rxe5+ g5 41.
hxg5 hxg5 42. f4 $18) 39. Kf3 Rb4 40. Ke2 Rb2+ 41. Kd3 Rxf2 42. Re7 Rb2 43. b7
{etc.}) 36. h4+ Kh5 {[#]} 37. b6 $1 Rb4 38. Rb7 h6 39. Rb8 Rb2 40. b7 Rb4 41.
f3 {The key break, releasing the e4-pawn.} exf3 42. e4 $1 f2 43. Kxf2 Kxh4 44.
e5 g5 45. e6 {White mates.} g4 46. e7 g3+ 47. Kf3 Rb3+ 48. Ke2 1-0